[Event "FRA-chT2 1011"]
[Site "France"]
[Date "2010.11.13"]
[Round "2.2"]
[White "Herdier, Goulwenn"]
[Black "Dragojlovic, Andjelko"]
[Result "1-0"]
[WhiteElo "2139"]
[BlackElo "2395"]
[PlyCount "81"]
[EventDate "2010.10.17"]
[EventType "team-tourn"]
[EventRounds "11"]
[EventCountry "FRA"]
[SourceTitle "EXT 2012"]
[Source "ChessBase"]
[SourceDate "2011.11.24"]
[SourceVersion "1"]
[SourceVersionDate "2011.11.24"]
[SourceQuality "1"]

1. e4 c5 2. Nf3 g6 3. d4 cxd4 4. Nxd4 Bg7 5. c4 Qb6 6. Nb5 a6 7. Be3 Qa5+ 8. N5c3 d6 9. Qd2 Nf6 10. f3 Be6 11. Be2 0-0 12. 0-0 Rc8 13. Nd5 Qxd2 14. Nxd2 Bxd5 15. cxd5 Nbd7 16. Rac1 a5 17. Bb5 h5 18. Nc4 Kh7 19. Nb6 Nxb6 20. Bxb6 h4 21. Rfe1 Nh5 22. Bd7 Rxc1 23. Rxc1 Bxb2 24. Rc7 a4 25. Rxb7 a3 26. Bc6 Bf6 27. Kf1 Rc8 28. Be3 Kg7 29. Bc1 Be5 30. Bxa3 Bxh2 31. Bc1 Kf6 32. a4 Bf4 33. Bb2+ Be5 34. Bxe5+ dxe5 35. Rb6 Kg5 36. a5 f5 37. exf5 Ng3+ 38. Kf2 Nxf5 39. a6 Nd4 40. a7 Nxc6 41. dxc6 1-0

[Event "FRA-chT2 1011"]
[Site "France"]
[Date "2010.10.17"]
[Round "1.3"]
[White "Herdier, Goulwenn"]
[Black "Ippoliti, Giuliano"]
[Result "1-0"]
[WhiteElo "2132"]
[BlackElo "2115"]
[PlyCount "65"]
[EventDate "2010.10.17"]
[EventType "team-tourn"]
[EventRounds "11"]
[EventCountry "FRA"]
[SourceTitle "EXT 2012"]
[Source "ChessBase"]
[SourceDate "2011.11.24"]
[SourceVersion "1"]
[SourceVersionDate "2011.11.24"]
[SourceQuality "1"]

1. e4 c5 2. Nf3 e6 3. c3 Nf6 4. Qc2 Nc6 5. a3 b6 6. d4 cxd4 7. cxd4 Bb7 8. Nc3 d6 9. Qa4 Nd7 10. Be3 Be7 11. Bb5 Ncb8 12. b4 0-0 13. 0-0 Nf6 14. Bd3 a6 15. Qc2 h6 16. h3 Nbd7 17. Rac1 Rc8 18. Qb1 Re8 19. Nd2 e5 20. f4 Bf8 21. Qb3 b5 22. a4 bxa4 23. Qxa4 Ra8 24. Qb3 Nb6 25. Bb1 exf4 26. Bxf4 d5 27. Be5 dxe4 28. Ndxe4 Nfd5 29. Nc5 Bc6 30. Qc2 g6 31. Rxf7 Kxf7 32. Qxg6+ Ke7 33. Qe6# 1-0

[Event "Avoine op 25th"]
[Site "Avoine"]
[Date "2010.07.22"]
[Round "6"]
[White "Herdier, Goulwenn"]
[Black "Daniel, Jean Claude"]
[Result "1-0"]
[WhiteElo "2112"]
[BlackElo "1894"]
[PlyCount "86"]
[EventDate "2010.07.17"]
[EventType "swiss"]
[EventRounds "9"]
[EventCountry "FRA"]
[SourceTitle "EXT 2011"]
[Source "ChessBase"]
[SourceDate "2010.11.26"]
[SourceVersion "1"]
[SourceVersionDate "2010.11.26"]
[SourceQuality "1"]

1. e4 c5 2. Nf3 Nc6 3. d4 cxd4 4. Nxd4 e5 5. Nb5 d6 6. c4 a6 7. N5a3 Qh4 8. Nc3 Nf6 9. g3 Qg4 10. f3 Qg6 11. Nc2 Be7 12. Be3 0-0 13. Qd2 Be6 14. 0-0-0 Rac8 15. Kb1 Na5 16. b3 Nc6 17. Be2 Nd7 18. g4 f6 19. Na4 Qf7 20. Nb6 Nxb6 21. Bxb6 Bd8 22. Bf2 Bc7 23. h4 Rb8 24. Rc1 Kh8 25. Ne3 Nd4 26. Nd5 Nxe2 27. Qxe2 Bxd5 28. cxd5 Rbc8 29. Rc4 Qd7 30. Rhc1 Bb8 31. Be3 h6 32. a4 Kh7 33. Kb2 Rxc4 34. Qxc4 b5 35. axb5 axb5 36. Qc6 Qxc6 37. Rxc6 Rf7 38. Ka3 Rb7 39. Bb6 g6 40. Kb4 Rf7 41. Kxb5 f5 42. Rc8 fxg4 43. fxg4 Ba7 1-0

[Event "Avoine op 25th"]
[Site "Avoine"]
[Date "2010.07.17"]
[Round "1"]
[White "Prevot, Rodolphe"]
[Black "Herdier, Goulwenn"]
[Result "0-1"]
[WhiteElo "1935"]
[BlackElo "2112"]
[PlyCount "92"]
[EventDate "2010.07.17"]
[EventType "swiss"]
[EventRounds "9"]
[EventCountry "FRA"]
[SourceTitle "EXT 2011"]
[Source "ChessBase"]
[SourceDate "2010.11.26"]
[SourceVersion "1"]
[SourceVersionDate "2010.11.26"]
[SourceQuality "1"]

1. c4 Nf6 2. Nc3 d6 3. g3 e5 4. Bg2 Be7 5. e4 Nc6 6. Nge2 0-0 7. 0-0 Bg4 8. h3 Be6 9. Nd5 Qd7 10. Kh2 Ne8 11. d4 Bd8 12. Be3 f5 13. Nxc7 Qxc7 14. d5 Bd7 15. dxc6 bxc6 16. exf5 Bxf5 17. Nc3 Rc8 18. Qa4 a5 19. Rad1 Be7 20. Rd2 Nf6 21. Qd1 Be6 22. Qe2 Rce8 23. Rfd1 h6 24. b3 Kh8 25. Ne4 Nxe4 26. Bxe4 Bf5 27. Qd3 Qc8 28. Bxf5 Rxf5 29. Kg2 Ref8 30. Qe4 Qa6 31. Rc2 a4 32. b4 a3 33. Rb1 Qa4 34. Rb3 Bd8 35. Qd3 R5f6 36. b5 cxb5 37. cxb5 Qa8+ 38. Rc6 Be7 39. Rxa3 Qe8 40. Qd5 Qh5 41. Ra7 Qe2 42. Rc1 Rxf2+ 43. Bxf2 Qxf2+ 44. Kh1 Qxa7 45. Qb3 Bg5 46. Rc2 Rf1+ 0-1

[Event "FRA-chT2 0910"]
[Site "France"]
[Date "2009.11.22"]
[Round "4.2"]
[White "Herdier, Goulwenn"]
[Black "Ribeiro, Romain"]
[Result "0-1"]
[WhiteElo "2164"]
[BlackElo "2165"]
[PlyCount "88"]
[EventDate "2009.09.27"]
[EventType "team-tourn"]
[EventRounds "11"]
[EventCountry "FRA"]
[SourceTitle "EXT 2011"]
[Source "ChessBase"]
[SourceDate "2010.11.26"]
[SourceVersion "1"]
[SourceVersionDate "2010.11.26"]
[SourceQuality "1"]

1. e4 e6 2. d4 d5 3. Nc3 dxe4 4. Nxe4 Nf6 5. Nxf6+ Qxf6 6. Nf3 h6 7. Bd3 Nd7 8. Bd2 Nb6 9. c4 c5 10. Bc3 cxd4 11. Bxd4 Bb4+ 12. Kf1 Qe7 13. Bxg7 Rg8 14. Bxh6 Qf6 15. Qc1 Bd7 16. Bf4 Qg7 17. Bg3 Bc6 18. Be2 Na4 19. Rg1 Nc5 20. a3 Nb3 21. Qd1 Nxa1 22. axb4 Bxf3 23. Bxf3 Qxb2 24. Qa4+ Ke7 25. Bh4+ f6 26. g4 Nc2 27. g5 Qc1+ 28. Kg2 Qd2 29. Rd1 Ne3+ 30. Kh1 Nxd1 31. gxf6+ Kf8 32. Qxd1 Qxd1+ 33. Bxd1 Rd8 34. Be2 Rd2 35. Bf3 Rd3 36. Be2 Rb3 37. Bg3 Rb1+ 38. Kg2 Rxb4 39. Kh3 Kf7 40. Be5 Rh8+ 41. Kg2 Rb3 42. Bd1 Rg8+ 43. Bg3 Rc3 44. Be2 Kxf6 0-1

[Event "FRA-chT1A 0708"]
[Site "France"]
[Date "2007.10.21"]
[Round "1.5"]
[White "Herdier, Goulwenn"]
[Black "Grill, Marc"]
[Result "0-1"]
[WhiteElo "2176"]
[BlackElo "2151"]
[PlyCount "82"]
[EventDate "2007.10.21"]
[EventType "team"]
[EventRounds "11"]
[EventCountry "FRA"]
[SourceTitle "EXT 2009"]
[Source "ChessBase"]
[SourceDate "2008.11.26"]
[SourceVersion "1"]
[SourceVersionDate "2008.11.26"]
[SourceQuality "1"]
[WhiteTeam "Guingamp"]
[BlackTeam "Nantes"]
[WhiteTeamCountry "FRA"]
[BlackTeamCountry "FRA"]

1. e4 c5 2. Nf3 g6 3. c3 Bg7 4. d4 cxd4 5. cxd4 d5 6. e5 Nc6 7. Nc3 Bg4 8. Be2 Bxf3 9. Bxf3 e6 10. 0-0 Nge7 11. Bg5 h6 12. Bxe7 Nxe7 13. Qa4+ Nc6 14. Be2 0-0 15. Rac1 Qb6 16. Rfd1 f6 17. Bg4 Rae8 18. exf6 Bxf6 19. Ne2 e5 20. Bd7 Re7 21. Bxc6 bxc6 22. Rxc6 Qxb2 23. Rc2 Qb7 24. dxe5 Rxe5 25. Qg4 Qf7 26. Ng3 h5 27. Qf4 h4 28. Nf1 Rf5 29. Qc7 d4 30. Qxf7+ Rxf7 31. Nd2 d3 32. Rc4 Rd7 33. Ne4 Bd8 34. Rc3 Bb6 35. Kf1 Re7 36. f3 Rxe4 37. Rcxd3 Rb4 38. Rd6 Kg7 39. h3 Rb2 40. R1d2 Rb1+ 41. Rd1 Rfb5 0-1

[Event "Nantes op 4th"]
[Site "Nantes"]
[Date "2005.12.28"]
[Round "3"]
[White "Gerard, Nicolas"]
[Black "Herdier, Goulwenn"]
[Result "1-0"]
[WhiteElo "2286"]
[BlackElo "2152"]
[PlyCount "87"]
[EventDate "2005.12.27"]
[EventType "swiss"]
[EventRounds "7"]
[EventCountry "FRA"]
[SourceTitle "CBM 110 Extra"]
[Source "ChessBase"]
[SourceDate "2006.03.10"]
[SourceVersion "2"]
[SourceVersionDate "2006.03.10"]
[SourceQuality "1"]

1. d4 Nf6 2. c4 d6 3. Nc3 Nbd7 4. Nf3 e5 5. Bg5 Be7 6. Qc2 c6 7. 0-0-0 Qa5 8. e3 h6 9. Bh4 Nf8 10. h3 Bd7 11. dxe5 dxe5 12. Bg3 0-0-0 13. Nxe5 Be6 14. Rxd8+ Bxd8 15. Nf3 Qc5 16. Nd4 Bc7 17. Bxc7 Kxc7 18. Be2 N8d7 19. Nxe6+ fxe6 20. Rd1 Rf8 21. Qg6 Qe7 22. f4 e5 23. Qg3 exf4 24. exf4 Re8 25. Bd3 Nh5 26. Qf3 Qe3+ 27. Qxe3 Rxe3 28. Bf5 Ndf6 29. g4 Nxf4 30. h4 Re5 31. Rf1 Ng2 32. g5 hxg5 33. hxg5 Ne8 34. Be4 Ne3 35. Rf7+ Kb6 36. Bd3 a6 37. g6 Ng4 38. Ne4 c5 39. Nc3 Ngf6 40. a3 Kc6 41. Kc2 Rg5 42. Re7 b5 43. cxb5+ axb5 44. Bxb5+ 1-0

[Event "Plancoet op 3rd"]
[Site "Plancoet"]
[Date "2003.08.03"]
[Round "9"]
[White "Schuermans, Robert"]
[Black "Herdier, Goulwenn"]
[Result "1-0"]
[WhiteElo "2214"]
[BlackElo "2173"]
[PlyCount "55"]
[EventDate "2003.07.26"]
[EventType "swiss"]
[EventRounds "9"]
[EventCountry "FRA"]
[SourceTitle "CBM 095 Extra"]
[Source "ChessBase"]
[SourceDate "2003.09.04"]
[SourceVersion "1"]
[SourceVersionDate "2003.09.04"]
[SourceQuality "1"]

1. e4 c5 2. Nf3 d6 3. d4 cxd4 4. Nxd4 Nf6 5. Nc3 a6 6. Bg5 e6 7. f4 Be7 8. Qf3 Qc7 9. 0-0-0 Nbd7 10. g4 b6 11. Bxf6 gxf6 12. f5 Ne5 13. Qh3 Nc6 14. fxe6 fxe6 15. Qh5+ Kd8 16. Nde2 Qd7 17. Bg2 Ne5 18. Nf4 Qe8 19. Qh3 Qc6 20. g5 Qd7 21. g6 Bf8 22. Kb1 Kc7 23. Nce2 Nc6 24. Qc3 hxg6 25. e5 d5 26. Nd4 Qe8 27. exf6 Bd6 28. f7 1-0

[Event "FRA-chT2W 0203"]
[Site "France"]
[Date "2003.03.15"]
[Round "8"]
[White "Goujon, Antoine"]
[Black "Herdier, Goulwenn"]
[Result "0-1"]
[WhiteElo "1760"]
[BlackElo "2199"]
[PlyCount "84"]
[EventDate "2002.10.??"]
[EventType "team"]
[EventRounds "11"]
[EventCountry "FRA"]
[SourceTitle "EXT 2004"]
[Source "ChessBase"]
[SourceDate "2003.11.25"]
[SourceVersion "1"]
[SourceVersionDate "2003.11.25"]
[SourceQuality "1"]
[WhiteTeam "Le Chesnay"]
[BlackTeam "Rennes"]
[WhiteTeamCountry "FRA"]
[BlackTeamCountry "FRA"]

1. e4 c5 2. Nf3 d6 3. d4 cxd4 4. Nxd4 Nf6 5. Nc3 a6 6. Be2 e5 7. Nb3 Be6 8. 0-0 Nbd7 9. Be3 Be7 10. a4 0-0 11. Kh1 Rc8 12. f3 Qc7 13. a5 Qc6 14. Rc1 d5 15. Nxd5 Nxd5 16. exd5 Bxd5 17. c4 Be6 18. f4 Qe4 19. Qd3 Qxd3 20. Bxd3 f5 21. Rfd1 Bf6 22. Rc2 Rfd8 23. Be2 Re8 24. Rcd2 g6 25. Nc1 exf4 26. Bxf4 Nc5 27. Rc2 Ne4 28. Kg1 Bd8 29. b4 Bf6 30. c5 Bc3 31. Na2 Bf6 32. Bc4 Bxc4 33. Rxc4 Red8 34. Rcc1 Bd4+ 35. Kf1 g5 36. Bd6 Be3 37. Rb1 Nd2+ 38. Rxd2 Bxd2 39. Ke2 Bf4 40. Bxf4 gxf4 41. Kf3 Rd2 42. Nc3 Rd3+ 0-1

[Event "FRA-chT2W 0203"]
[Site "France"]
[Date "2002.12.08"]
[Round "4"]
[White "Delaunay, Sebastien"]
[Black "Herdier, Goulwenn"]
[Result "1-0"]
[WhiteElo "2271"]
[BlackElo "2199"]
[PlyCount "51"]
[EventDate "2002.10.??"]
[EventType "team"]
[EventRounds "11"]
[EventCountry "FRA"]
[SourceTitle "EXT 2004"]
[Source "ChessBase"]
[SourceDate "2003.11.25"]
[SourceVersion "1"]
[SourceVersionDate "2003.11.25"]
[SourceQuality "1"]
[WhiteTeam "Nantes"]
[BlackTeam "Rennes"]
[WhiteTeamCountry "FRA"]
[BlackTeamCountry "FRA"]

1. Nf3 Nf6 2. c4 d6 3. d4 Nbd7 4. Nc3 e5 5. e4 Be7 6. Be2 0-0 7. 0-0 c6 8. Be3 Re8 9. Ne1 Bf8 10. d5 h6 11. Nd3 c5 12. Rb1 Nh7 13. a3 Ndf6 14. b4 b6 15. Rb2 Ng5 16. f3 Nh5 17. Qd2 Be7 18. Bd1 Ba6 19. Ba4 Rf8 20. Bc6 Rb8 21. bxc5 dxc5 22. Bb5 Bxb5 23. Nxb5 a6 24. Na7 Qc7 25. Nc6 Ra8 26. Nxe7+ 1-0

[Event "FRA-chT2W 0203"]
[Site "France"]
[Date "2002.11.17"]
[Round "3"]
[White "Herdier, Goulwenn"]
[Black "Favarel, Julien"]
[Result "1/2-1/2"]
[WhiteElo "2199"]
[BlackElo "2240"]
[PlyCount "96"]
[EventDate "2002.10.??"]
[EventType "team"]
[EventRounds "11"]
[EventCountry "FRA"]
[SourceTitle "EXT 2004"]
[Source "ChessBase"]
[SourceDate "2003.11.25"]
[SourceVersion "1"]
[SourceVersionDate "2003.11.25"]
[SourceQuality "1"]
[WhiteTeam "Rennes"]
[BlackTeam "Bordeaux II"]
[WhiteTeamCountry "FRA"]
[BlackTeamCountry "FRA"]

1. e4 c5 2. Nf3 Nc6 3. Bb5 g6 4. 0-0 Bg7 5. c3 Nf6 6. Re1 0-0 7. d4 cxd4 8. cxd4 d5 9. e5 Ne8 10. Nc3 Bg4 11. Be2 e6 12. Be3 Qd7 13. Rc1 f6 14. exf6 Nxf6 15. h3 Bxf3 16. Bxf3 Rf7 17. Be2 Raf8 18. Bb5 Qd6 19. a3 Nd7 20. Be2 a6 21. b4 Nb6 22. b5 Na5 23. bxa6 bxa6 24. Bxa6 Nbc4 25. Bxc4 Nxc4 26. Ne4 Qxa3 27. Ng5 Rf6 28. Qg4 Nxe3 29. fxe3 Qd6 30. Rc2 h5 31. Qh4 Rf5 32. Nf3 R5f7 33. Rec1 Qa3 34. Rc3 Qb2 35. Qg3 Rf6 36. R3c2 Qb3 37. Ne5 h4 38. Qxh4 Qxe3+ 39. Kh2 g5 40. Qg4 Rf5 41. Nf3 Qe4 42. Rc8 Qxg4 43. hxg4 Rxc8 44. Rxc8+ Rf8 45. Rxf8+ Kxf8 46. Nxg5 Ke7 47. Nf3 e5 48. dxe5 Ke6 1/2-1/2

[Event "FRA-chT2W 0203"]
[Site "France"]
[Date "2002.11.16"]
[Round "2"]
[White "Herdier, Goulwenn"]
[Black "Saada, Julien"]
[Result "1/2-1/2"]
[WhiteElo "2199"]
[BlackElo "2196"]
[PlyCount "107"]
[EventDate "2002.10.??"]
[EventType "team"]
[EventRounds "11"]
[EventCountry "FRA"]
[SourceTitle "EXT 2004"]
[Source "ChessBase"]
[SourceDate "2003.11.25"]
[SourceVersion "1"]
[SourceVersionDate "2003.11.25"]
[SourceQuality "1"]
[WhiteTeam "Rennes"]
[BlackTeam "Migne Auxances"]
[WhiteTeamCountry "FRA"]
[BlackTeamCountry "FRA"]

1. e4 c6 2. d4 d5 3. Nc3 dxe4 4. Nxe4 Bf5 5. Ng3 Bg6 6. f4 e6 7. Nf3 Nd7 8. Bc4 Qc7 9. Qe2 0-0-0 10. Bb3 Ngf6 11. Bd2 Nd5 12. Ne5 Nxe5 13. dxe5 Qb6 14. 0-0-0 Bc5 15. Ne4 Bxe4 16. Qxe4 Ne7 17. Bc3 g6 18. g4 h5 19. h3 Rxd1+ 20. Rxd1 hxg4 21. hxg4 Rh4 22. Qf3 Rh2 23. Be1 Rh8 24. Bc4 Rd8 25. Bd3 Nd5 26. Be4 Nxf4 27. Rxd8+ Kxd8 28. Bd2 g5 29. c3 Bg1 30. Kb1 Qf2 31. Bxf4 gxf4 32. Qxf2 Bxf2 33. Kc2 Bg3 34. Bf3 Bf2 35. Kd3 Kd7 36. b3 b6 37. c4 c5 38. Ke4 Be3 39. Kd3 Ke7 40. Ke4 Kf8 41. Be2 Kg7 42. Bf3 Kh6 43. Be2 Kg5 44. Bf3 Bf2 45. Be2 Be1 46. Bf3 Bd2 47. Be2 Kh4 48. Bf3 Kg3 49. Bd1 Be3 50. Be2 Bd4 51. Bd1 Bb2 52. Be2 f3 53. Bxf3 Bxe5 54. g5 1/2-1/2

[Event "FRA-chT2W 0203"]
[Site "France"]
[Date "2002.10.13"]
[Round "1"]
[White "Abello, Sebastien"]
[Black "Herdier, Goulwenn"]
[Result "1/2-1/2"]
[WhiteElo "2229"]
[BlackElo "2199"]
[PlyCount "98"]
[EventDate "2002.10.??"]
[EventType "team"]
[EventRounds "11"]
[EventCountry "FRA"]
[SourceTitle "EXT 2004"]
[Source "ChessBase"]
[SourceDate "2003.11.25"]
[SourceVersion "1"]
[SourceVersionDate "2003.11.25"]
[SourceQuality "1"]
[WhiteTeam "Brest"]
[BlackTeam "Rennes"]
[WhiteTeamCountry "FRA"]
[BlackTeamCountry "FRA"]

1. e4 c5 2. Nf3 d6 3. Bb5+ Bd7 4. Bxd7+ Qxd7 5. 0-0 Nc6 6. c3 g6 7. d4 cxd4 8. cxd4 Bg7 9. Nc3 Nf6 10. h3 d5 11. e5 Ne4 12. Ne2 f6 13. Bf4 0-0 14. Rc1 Rac8 15. exf6 exf6 16. Nc3 Na5 17. Qe1 Qf5 18. Be3 Nc4 19. b3 Ncd6 20. Na4 b6 21. Qe2 Qd7 22. Qd3 Qb5 23. Nb2 Qa5 24. a4 Qb4 25. Rxc8 Rxc8 26. Rc1 Rxc1+ 27. Bxc1 b5 28. Qc2 Qc3 29. Qxc3 Nxc3 30. Kf1 Kf7 31. Bd2 Nce4 32. Bb4 Ke6 33. Nd3 Kd7 34. Ke2 bxa4 35. bxa4 g5 36. Nd2 Kc6 37. Nb3 Nc4 38. Ndc5 f5 39. f3 Nxc5 40. Bxc5 a6 41. Be7 h6 42. Nc5 Bxd4 43. Nxa6 Kd7 44. Bf8 h5 45. Bc5 Be5 46. Nb4 Ke6 47. Nc6 Bc7 48. Nd4+ Kf6 49. Nc6 Ke6 1/2-1/2

[Event "Ile et Vilaine-chA 0001"]
[Site "Ile et Vilaine"]
[Date "2001.01.27"]
[Round "5"]
[White "Herdier, Goulwenn"]
[Black "Forthofer, Robert"]
[Result "1-0"]
[WhiteElo "2227"]
[BlackElo "2208"]
[PlyCount "55"]
[EventDate "2000.10.21"]
[EventType "swiss"]
[EventRounds "7"]
[EventCountry "FRA"]
[SourceTitle "EXT 2007"]
[Source "ChessBase"]
[SourceDate "2006.11.23"]
[SourceVersion "1"]
[SourceVersionDate "2006.11.23"]
[SourceQuality "1"]

1. e4 c5 2. Nf3 d6 3. d4 cxd4 4. Nxd4 Nf6 5. Nc3 g6 6. Bc4 Bg7 7. 0-0 0-0 8. Kh1 Qb6 9. Ndb5 a6 10. Na3 Nc6 11. h3 Na5 12. Be2 Qc7 13. Nd5 Nxd5 14. exd5 b5 15. c3 Bb7 16. Be3 e5 17. f3 Rac8 18. Rc1 Nc4 19. Nxc4 bxc4 20. b3 cxb3 21. axb3 e4 22. fxe4 Bxc3 23. Bd2 Qa5 24. Rxc3 Rxc3 25. Rf3 Rfc8 26. Rxc3 Rxc3 27. Qe1 Qb4 28. Bc4 1-0

[Event "Ile et Vilaine-chA 0001"]
[Site "Ile et Vilaine"]
[Date "2001.01.06"]
[Round "4"]
[White "Le Corre, Patrick"]
[Black "Herdier, Goulwenn"]
[Result "0-1"]
[WhiteElo "2100"]
[BlackElo "2227"]
[PlyCount "66"]
[EventDate "2000.10.21"]
[EventType "swiss"]
[EventRounds "7"]
[EventCountry "FRA"]
[SourceTitle "EXT 2007"]
[Source "ChessBase"]
[SourceDate "2006.11.23"]
[SourceVersion "1"]
[SourceVersionDate "2006.11.23"]
[SourceQuality "1"]

1. e4 c5 2. Nc3 Nc6 3. f4 a6 4. a4 e6 5. Bc4 d6 6. Nf3 Nf6 7. d3 Be7 8. 0-0 0-0 9. Qe1 d5 10. exd5 exd5 11. Ba2 Re8 12. Ne5 Nb4 13. Qf2 Nxa2 14. Rxa2 d4 15. Ne2 Bd6 16. Ng3 Be6 17. Ra1 Bd5 18. Nf5 Bc7 19. Qh4 g6 20. Ng4 Nxg4 21. Qxg4 h5 22. Qg3 Re2 23. Rf2 Re6 24. Bd2 Qf6 25. Nh4 Rae8 26. Nf3 c4 27. Ng5 Re3 28. Qh4 Re2 29. Raf1 c3 30. Bc1 cxb2 31. Bd2 Bxf4 32. Qxf4 Qxf4 33. Rxf4 Rxg2+ 0-1

[Event "FRA-chT3 01"]
[Site "France"]
[Date "2000.11.19"]
[Round "3"]
[White "Herdier, Goulwenn"]
[Black "Bollengier, Thierry"]
[Result "1/2-1/2"]
[WhiteElo "2227"]
[BlackElo "2049"]
[PlyCount "108"]
[EventDate "2001.??.??"]
[EventType "team"]
[EventRounds "9"]
[EventCountry "FRA"]
[SourceTitle "EXT 2002"]
[Source "ChessBase"]
[SourceDate "2001.11.25"]
[SourceVersion "1"]
[SourceVersionDate "2001.11.25"]
[SourceQuality "1"]
[WhiteTeam "Rennes"]
[BlackTeam "Suce sur Erdre"]
[WhiteTeamCountry "FRA"]
[BlackTeamCountry "FRA"]

1. e4 c5 2. Nf3 d6 3. d4 cxd4 4. Nxd4 Nf6 5. Nc3 a6 6. Be2 e5 7. Nb3 Be7 8. 0-0 Nbd7 9. a4 b6 10. f4 Bb7 11. Bf3 Qc7 12. Qe2 Rc8 13. Kh1 0-0 14. f5 Rfd8 15. Bg5 Qb8 16. Rad1 Rxc3 17. bxc3 Qa8 18. Rfe1 Rc8 19. Qe3 Rc4 20. Bxf6 Nxf6 21. Qxb6 Bxe4 22. Rxe4 Rxe4 23. Nd2 d5 24. Nxe4 dxe4 25. Be2 Qc8 26. Bxa6 Qxc3 27. Bb5 h6 28. Qc6 Qe3 29. h3 Bc5 30. Qc7 Qc3 31. Qd8+ Kh7 32. Qd2 Qg3 33. Qe2 Bd4 34. Bc6 h5 35. Rxd4 exd4 36. Bxe4 Qc3 37. Bd3 Qa1+ 38. Kh2 Qxa4 39. g4 hxg4 40. hxg4 Qd7 41. g5 Qd6+ 42. Kh3 Nd5 43. f6+ g6 44. Qe8 Qc7 45. Bc4 Nf4+ 46. Kg4 Qxc4 47. Kxf4 d3+ 48. Kg3 dxc2 49. Qf8 Qd3+ 50. Kf2 Qf5+ 51. Ke2 c1N+ 52. Kd1 Qd5+ 53. Kc2 Qc4+ 54. Kd1 Qd5+ 1/2-1/2

[Event "Bretagne"]
[Site "Bretagne"]
[Date "1999.??.??"]
[Round "4"]
[White "Herdier, Goulwenn"]
[Black "Dumitrache, Dragos Nicolae"]
[Result "0-1"]
[WhiteElo "2225"]
[BlackElo "2425"]
[PlyCount "70"]
[EventDate "1999.??.??"]
[EventType "tourn"]
[EventRounds "9"]
[EventCountry "FRA"]
[EventCategory "3"]
[SourceTitle "EXT 2000"]
[Source "ChessBase"]
[SourceDate "1999.11.16"]
[SourceVersion "1"]
[SourceVersionDate "1999.11.16"]
[SourceQuality "1"]

1. e4 c5 2. Nf3 Nc6 3. Bb5 g6 4. 0-0 Bg7 5. c3 Nf6 6. Re1 0-0 7. d4 cxd4 8. cxd4 d5 9. e5 Ne4 10. Nc3 Bf5 11. Nh4 Nxc3 12. bxc3 Bd7 13. Bd3 Rc8 14. Bf4 Na5 15. Rc1 Nc4 16. Qf3 Bb5 17. e6 Na3 18. Bxb5 Nxb5 19. Qd3 fxe6 20. Be5 Qd7 21. Nf3 Bf6 22. h4 Nd6 23. h5 gxh5 24. Nd2 Nf5 25. Qh3 Qe8 26. Nf3 Rc6 27. Re2 Qg6 28. g3 Qg4 29. Qg2 Rfc8 30. Rec2 Qe4 31. Qh1 h4 32. gxh4 Kh8 33. h5 Rg8+ 34. Kf1 Bxe5 35. dxe5 Nd4 0-1

[Event "Guingamp op 3rd"]
[Site "Guingamp"]
[Date "1999.??.??"]
[Round "6"]
[White "Herdier, Goulwenn"]
[Black "Kazakov, Mikhail"]
[Result "0-1"]
[WhiteElo "2229"]
[BlackElo "2420"]
[PlyCount "68"]
[EventDate "1999.04.??"]
[EventType "swiss"]
[EventRounds "7"]
[EventCountry "FRA"]
[SourceTitle "EXT 2000"]
[Source "ChessBase"]
[SourceDate "1999.11.16"]
[SourceVersion "1"]
[SourceVersionDate "1999.11.16"]
[SourceQuality "1"]

1. e4 c5 2. Nf3 Nc6 3. d3 g6 4. g3 Bg7 5. c3 e5 6. Bg2 Nf6 7. 0-0 0-0 8. Na3 d5 9. Qe2 h6 10. Bd2 Rb8 11. Nc2 b6 12. Rfd1 Ba6 13. exd5 Qxd5 14. Nfe1 Qe6 15. Ne3 e4 16. Nf1 Rbd8 17. Qe3 Rfe8 18. dxe4 Ng4 19. Qf4 Be2 20. f3 Bxd1 21. Rxd1 Nge5 22. b3 Nd3 23. Qe3 Nxe1 24. Qxe1 c4 25. b4 Ne5 26. Ne3 Nd3 27. Qe2 b5 28. f4 Qa6 29. e5 f6 30. Nd5 fxe5 31. f5 gxf5 32. Be3 Rd7 33. Qh5 Qe6 34. Rf1 Rf8 0-1

[Event "FRA-chT2 9899"]
[Site "France"]
[Date "1999.??.??"]
[Round "1"]
[White "Herdier, Goulwenn"]
[Black "Luco, Alain"]
[Result "0-1"]
[WhiteElo "2229"]
[BlackElo "2134"]
[PlyCount "72"]
[EventDate "1998.??.??"]
[EventType "team"]
[EventRounds "9"]
[EventCountry "FRA"]
[SourceTitle "EXT 2008"]
[Source "ChessBase"]
[SourceDate "2007.11.25"]
[SourceVersion "1"]
[SourceVersionDate "2007.11.25"]
[SourceQuality "1"]

1. e4 e6 2. d4 d5 3. Nc3 Bb4 4. Bd3 c5 5. dxc5 dxe4 6. Bxe4 Qxd1+ 7. Kxd1 Nf6 8. Bf3 Bxc5 9. Nb5 Na6 10. Bf4 0-0 11. Nh3 Rd8+ 12. Kc1 Nd5 13. Bg3 Bd7 14. a4 Rac8 15. Rd1 Bc6 16. c3 f6 17. Bg4 Kf7 18. Nd4 Bxd4 19. Rxd4 Nc5 20. Kc2 Nb6 21. Re1 Rxd4 22. cxd4 Be4+ 23. Kd2 Rd8 24. f3 Rxd4+ 25. Ke3 e5 26. fxe4 Rxe4+ 27. Kf3 Rxa4 28. Rc1 Rc4 29. Rd1 Rb4 30. Rd2 Rb3+ 31. Ke2 Nc4 32. Bf2 Nxd2 33. Bxc5 Rxb2 34. Bxa7 Nc4+ 35. Kd3 b5 36. Bf3 Ke6 0-1

[Event "Bretagne"]
[Site "Bretagne"]
[Date "1999.??.??"]
[Round "7"]
[White "Le Roux, Jean Pierre"]
[Black "Herdier, Goulwenn"]
[Result "1/2-1/2"]
[WhiteElo "2250"]
[BlackElo "2225"]
[PlyCount "96"]
[EventDate "1999.??.??"]
[EventType "tourn"]
[EventRounds "9"]
[EventCountry "FRA"]
[EventCategory "3"]
[SourceTitle "EXT 2000"]
[Source "ChessBase"]
[SourceDate "1999.11.16"]
[SourceVersion "1"]
[SourceVersionDate "1999.11.16"]
[SourceQuality "1"]

1. d4 Nf6 2. c4 g6 3. Nf3 Bg7 4. g3 d6 5. Bg2 0-0 6. 0-0 c5 7. Nc3 Nc6 8. d5 Na5 9. Nd2 a6 10. Qc2 Rb8 11. b3 b5 12. Bb2 Bd7 13. Nd1 e6 14. dxe6 Bxe6 15. Ne3 bxc4 16. Ndxc4 Nxc4 17. Nxc4 d5 18. Rfd1 Qc8 19. Ne3 d4 20. Nc4 Nd5 21. Nd6 Qc7 22. Ne4 Rfc8 23. e3 Nb4 24. Qe2 Qb6 25. Ng5 Bf5 26. Qc4 Qf6 27. h4 h6 28. e4 Bd7 29. e5 Qe7 30. Nf3 Bb5 31. Qc1 Nd3 32. Qd2 Nxe5 33. Nxe5 Qxe5 34. Re1 Qd6 35. Rac1 Re8 36. a4 Bc6 37. Rxe8+ Rxe8 38. Bxc6 Qxc6 39. Ba3 Qf3 40. Bxc5 Qxb3 41. Bxd4 Qxa4 42. Bxg7 Kxg7 43. Qb2+ Kg8 44. Qf6 a5 45. h5 Qe4 46. hxg6 Qxg6 47. Qd4 Qe4 48. Qd2 Qb4 1/2-1/2